Th-mphil-The unfolded protein response and cellular toxicity: Implications in Neurodegeneration (Record no. 479998)
[ view plain ]
| 000 -LEADER | |
|---|---|
| fixed length control field | 00438nam a22001577a 4500 |
| 003 - CONTROL NUMBER IDENTIFIER | |
| control field | ASAB |
| 005 - DATE AND TIME OF LATEST TRANSACTION | |
| control field | 20200307204929.0 |
| 008 - FIXED-LENGTH DATA ELEMENTS--GENERAL INFORMATION | |
| fixed length control field | 160203t xxu||||| |||| 00| 0 eng d |
| 038 ## - RECORD CONTENT LICENSOR | |
| Staff Name | Attaullah |
| 040 ## - CATALOGING SOURCE | |
| Transcribing agency | ASAB |
| 082 ## - DEWEY DECIMAL CLASSIFICATION NUMBER | |
| Classification number | 0 |
| 100 ## - MAIN ENTRY--PERSONAL NAME | |
| Personal name | Zahra Mahmood-sup-Dr. Saadia Zahid |
| 9 (RLIN) | 28834 |
| 245 ## - TITLE STATEMENT | |
| Title | Th-mphil-The unfolded protein response and cellular toxicity: Implications in Neurodegeneration |
| 300 ## - PHYSICAL DESCRIPTION | |
| Extent | 54 p. |
| 942 ## - ADDED ENTRY ELEMENTS (KOHA) | |
| Source of classification or shelving scheme | |
| Koha item type | Thesis |
| Withdrawn status | Lost status | Source of classification or shelving scheme | Damaged status | Not for loan | Permanent Location | Current Location | Date acquired | Total Checkouts | Full call number | Barcode | Date last seen | Date last checked out | Price effective from | Koha item type | Shelving location |
|---|---|---|---|---|---|---|---|---|---|---|---|---|---|---|---|
| Atta-ur-Rahman School of Applied Biosciences (ASAB) | Atta-ur-Rahman School of Applied Biosciences (ASAB) | 02/03/2016 | 3 | Thesis Zahra Mahmood | ASABMs-36-15 | 04/24/2018 | 09/19/2016 | 02/03/2016 | Thesis | ||||||
| Central Library (CL) | Central Library (CL) | 01/21/2020 | 660 | CL-T-4650 | 01/21/2020 | 01/21/2020 | Thesis | Thesis |
